| 000 | 00562nam a2200229 a 4500 | ||
|---|---|---|---|
| 999 |
_c10813 _d10813 |
||
| 001 | 10813 | ||
| 003 | BD-JhCC | ||
| 005 | 20210524134021.0 | ||
| 008 | 190417s19982002bg |||| |||| 000 0 eng d | ||
| 020 | _a0333937406 | ||
| 035 | _a(BD-JhCC)10813 | ||
| 040 |
_aBD-JhCC _dBD-JhCC |
||
| 041 | _aeng | ||
| 082 |
_a158.1 _bKHE 2002 |
||
| 100 | _aKhera, Shiv | ||
| 245 |
_aYou can win / _cShiv Khera |
||
| 260 |
_aIndia : _bMacmillan, _c2002 |
||
| 300 |
_a290 p. : _c20 cm |
||
| 650 | _aSuccess | ||
| 650 | _aSelf-actualization (Psychology) | ||
| 942 |
_2ddc _cBK _04 |
||